000 00855nam a22002297a 4500
001 46950
003 BD-RjUL
005 20211209054233.0
008 160806s2003 ii ||||| |||| 00| 0 ben d
020 _c: IRs 60.00
035 _a(BD-RjUL)47069
040 _aBD-RjUL
_bben
_cBD-RjUL
041 _aben
082 _223
_a305.4092
_bCHD 2003
100 _aচৌধুরী, সিরাজুল ইসলাম
_9143013
245 1 0 _aধ্রুপদী নায়িকাদের কয়েকজন /
_c সিরাজুল ইসলাম চৌধুরী
260 _aকলকাতা :
_bঅশোক পুস্তকালয়,
_c২০০৩
300 _a১৫২ পৃ. ;
_c২১ সেমি.
650 _aনারী
_xজীবনী
_9143014
650 _aWomen
_xBiography
_9143015
942 _2ddc
_cBK
999 _c46950
_d46950